000 00706nam a2200289Ia 4500
005 20260324114919.0
008 008 260324s9999 xx 000 0 eng d
020 _a9781351256087
037 _aEBOOK
040 _aCRL
040 _beng
040 _cCRL
041 _2eng
041 _aeng
084 _qCRL
100 _aPaul Kosma; Tanja M. Wrodnigg; Arnold Stütz
_91152642
245 0 _aCarbohydrate Chemistry
245 0 _bProven Synthetic Methods, Volume 5
260 _bTaylor and Francis
260 _c2020
365 _a
365 _b385
856 _uhttp://www.taylorfrancis.com/books/9781351256087
942 _cEBOOK
999 _c1743121
_d1743121